English for today / (Record no. 283988)
[ view plain ]
| 000 -LEADER | |
|---|---|
| fixed length control field | 01003cam a2200301 4500 |
| 001 - CONTROL NUMBER | |
| control field | 3617272 |
| 003 - CONTROL NUMBER IDENTIFIER | |
| control field | PILC |
| 005 - DATE AND TIME OF LATEST TRANSACTION | |
| control field | 20150515104328.0 |
| 008 - FIXED-LENGTH DATA ELEMENTS--GENERAL INFORMATION | |
| fixed length control field | 730302m19729999nyu 000 0 eng |
| 010 ## - LIBRARY OF CONGRESS CONTROL NUMBER | |
| LC control number | 73154590 |
| 020 ## - INTERNATIONAL STANDARD BOOK NUMBER | |
| International Standard Book Number | 0070458013 |
| 020 ## - INTERNATIONAL STANDARD BOOK NUMBER | |
| International Standard Book Number | 070458013 |
| 040 ## - CATALOGING SOURCE | |
| Original cataloging agency | DLC |
| Transcribing agency | DLC |
| Modifying agency | DLC |
| 050 00 - LIBRARY OF CONGRESS CALL NUMBER | |
| Classification number | PE 1128.A2 |
| Item number | .N277 1973 |
| 082 00 - DEWEY DECIMAL CLASSIFICATION NUMBER | |
| Classification number | 428/.2/4 |
| 110 2# - MAIN ENTRY--CORPORATE NAME | |
| Corporate name or jurisdiction name as entry element | National Council of Teachers of English. |
| 245 10 - TITLE STATEMENT | |
| Title | English for today / |
| Statement of responsibility, etc | Project director and chief reviser: William R. Slager ; Senior consultant: Harold B. Allen ; Consultant for readings: Bernice E. Leary. |
| 250 ## - EDITION STATEMENT | |
| Edition statement | 2nd ed. |
| 260 ## - PUBLICATION, DISTRIBUTION, ETC. (IMPRINT) | |
| Place of publication, distribution, etc | New York, |
| Name of publisher, distributor, etc | McGraw-Hill |
| Date of publication, distribution, etc | 1973 |
| 300 ## - PHYSICAL DESCRIPTION | |
| Extent | 282 pages : |
| Other physical details | illustrations ; |
| Dimensions | 23 cm. |
| 505 1# - FORMATTED CONTENTS NOTE | |
| Formatted contents note | Book 3. The way we live. |
| 650 #0 - SUBJECT ADDED ENTRY--TOPICAL TERM | |
| Topical term or geographic name as entry element | English language |
| General subdivision | Textbooks for foreign speakers. |
| 700 1# - ADDED ENTRY--PERSONAL NAME | |
| Personal name | Slager, William R. |
| 700 1# - ADDED ENTRY--PERSONAL NAME | |
| Personal name | Allen, Harold B. |
| 700 1# - ADDED ENTRY--PERSONAL NAME | |
| Personal name | Leary, Bernice E. |
| 906 ## - LOCAL DATA ELEMENT F, LDF (RLIN) | |
| a | 7 |
| b | cbc |
| c | orignew |
| d | 2 |
| e | ncip |
| f | 19 |
| g | y-gencatlg |
| 942 ## - ADDED ENTRY ELEMENTS (KOHA) | |
| Source of classification or shelving scheme | Library of Congress Classification |
| Koha item type | Books |
| Call number prefix | Foreign |
| Withdrawn status | Lost status | Source of classification or shelving scheme | Damaged status | Home library | Current library | Shelving location | Date acquired | Source of acquisition | Total Checkouts | Full call number | Barcode | Date last seen | Price effective from | Koha item type |
|---|---|---|---|---|---|---|---|---|---|---|---|---|---|---|
| Library of Congress Classification | Archives | Archives | 05/15/2015 | Donation | PE 1128.A2 .N277 1973 | C19292 | 05/15/2018 | 05/15/2015 | Books |